[Event "NOR-chB"]
[Site "Oslo"]
[Date "2023.07.01"]
[Round "1"]
[White "Rothschild, Frank Robert"]
[Black "Nilsen, Helmer"]
[Result "0-1"]
[WhiteElo "1255"]
[BlackElo "1377"]
[PlyCount "86"]
[EventDate "2023.06.30"]
[EventType "swiss"]
[EventRounds "9"]
[EventCountry "NOR"]
[SourceTitle "EXT 2024"]
[Source "ChessBase"]
[SourceDate "2023.10.10"]
[SourceVersion "1"]
[SourceVersionDate "2023.10.10"]
[SourceQuality "1"]

1. e4 c5 2. c3 a6 3. d4 cxd4 4. cxd4 e6 5. Nf3 d5 6. e5 Nc6 7. a3 Nge7 8. Nc3 Nf5 9. Be2 Qb6 10. Na4 Qa7 11. Be3 g6 12. 0-0 Nxe3 13. fxe3 Bh6 14. Qd3 b6 15. b4 Bd7 16. Nc3 b5 17. e4 Bf4 18. Kh1 Ne7 19. exd5 exd5 20. Nd1 Bf5 21. Qc3 Rc8 22. Qb3 Bc2 23. Qa2 Qd7 24. Nb2 Qf5 25. Ne1 Be4 26. Nbd3 g5 27. Nxf4 gxf4 28. Qd2 Rg8 29. Rxf4 Qg5 30. Bf1 Ng6 31. Rf2 Qxd2 32. Rxd2 Nf4 33. Rf2 Nh3 34. Re2 Nf4 35. Rf2 Nh3 36. Rf6 Rg6 37. Rxg6 fxg6 38. Bd3 Nf2+ 39. Kg1 Nxd3 40. Nxd3 Bxd3 41. g4 Rc4 42. h3 Be4 43. Rd1 Rc3 0-1

[Event "Konnerud CC-ch"]
[Site "Konnerud"]
[Date "2019.03.20"]
[Round "5"]
[White "Nilsen, Helmer"]
[Black "Jahnsen, Bjorn"]
[Result "1-0"]
[WhiteElo "1526"]
[BlackElo "1429"]
[PlyCount "89"]
[EventDate "2019.01.16"]
[EventType "swiss"]
[EventRounds "9"]
[EventCountry "NOR"]
[SourceTitle "EXT 2024"]
[Source "ChessBase"]
[SourceDate "2023.10.10"]
[SourceVersion "1"]
[SourceVersionDate "2023.10.10"]
[SourceQuality "1"]

1. d4 d5 2. c4 c6 3. Nc3 Nf6 4. Nf3 g6 5. e3 Bg7 6. b3 0-0 7. Bb2 Bg4 8. Be2 Qa5 9. 0-0 Nbd7 10. Ne5 Bxe2 11. Qxe2 Qc7 12. f4 e6 13. Ba3 Rfe8 14. c5 b6 15. b4 b5 16. Bb2 a5 17. a3 Rf8 18. Ra2 axb4 19. axb4 Rxa2 20. Nxa2 Ne4 21. Nc3 Ndf6 22. Ra1 Re8 23. Ra6 Qb7 24. Rb6 Qa8 25. Qe1 Re7 26. Qa1 Ra7 27. Qe1 Rc7 28. g4 Nd7 29. Nxd7 Rxd7 30. Nxe4 dxe4 31. g5 Rc7 32. h4 h6 33. gxh6 Bxh6 34. d5 Bg7 35. d6 Rd7 36. Bxg7 Kxg7 37. Qc3+ f6 38. Qd4 Kf7 39. Qxe4 Qa1+ 40. Kh2 Qa2+ 41. Qg2 Qd5 42. Rxc6 Qb3 43. Rc7 Ke8 44. Qa8+ Rd8 45. Re7+ 1-0

[Event "Konnerud CC-ch"]
[Site "Konnerud"]
[Date "2018.04.11"]
[Round "8"]
[White "Hoisveen, Tore"]
[Black "Nilsen, Helmer"]
[Result "0-1"]
[WhiteElo "1572"]
[BlackElo "1464"]
[PlyCount "84"]
[EventDate "2018.01.10"]
[EventType "swiss"]
[EventRounds "9"]
[EventCountry "NOR"]
[SourceTitle "EXT 2024"]
[Source "ChessBase"]
[SourceDate "2023.10.10"]
[SourceVersion "1"]
[SourceVersionDate "2023.10.10"]
[SourceQuality "1"]

1. e4 c5 2. Nf3 Nc6 3. Bc4 e6 4. Nc3 b6 5. a3 g6 6. d3 Bg7 7. Be3 Nd4 8. Rb1 Ne7 9. Bxd4 cxd4 10. Ne2 b5 11. Ba2 Nc6 12. 0-0 Qb6 13. h3 Bb7 14. Nh2 Ne7 15. b4 Rc8 16. Kh1 Qc6 17. Bb3 0-0 18. Qd2 h5 19. Ng3 f5 20. f3 h4 21. Ne2 Kh7 22. Qe1 g5 23. Ba2 d5 24. Bb3 dxe4 25. fxe4 fxe4 26. Rxf8 Rxf8 27. Qg1 Nf5 28. Ng4 Ng3+ 29. Nxg3 hxg3 30. Re1 e3 31. Nxe3 Rf2 32. Bd5 exd5 33. Ng4 Rxc2 34. Re7 Rc1 35. Re1 Rxe1 36. Qxe1 Qd6 37. Qf1 Qf4 38. Kg1 Bc8 39. Qe2 Bxg4 40. hxg4 Qe3+ 41. Kf1 Qc1+ 42. Qe1 Qf4+ 0-1

[Event "Konnerud CC-ch"]
[Site "Konnerud"]
[Date "2018.01.17"]
[Round "2"]
[White "Nilsen, Helmer"]
[Black "Hellenes, Andre Tsolis"]
[Result "1/2-1/2"]
[WhiteElo "1464"]
[BlackElo "1688"]
[PlyCount "59"]
[EventDate "2018.01.10"]
[EventType "swiss"]
[EventRounds "9"]
[EventCountry "NOR"]
[SourceTitle "EXT 2024"]
[Source "ChessBase"]
[SourceDate "2023.10.10"]
[SourceVersion "1"]
[SourceVersionDate "2023.10.10"]
[SourceQuality "1"]

1. d4 d5 2. c4 c6 3. Nc3 Nf6 4. Bf4 e6 5. h3 Be7 6. e3 0-0 7. Nf3 Nbd7 8. a3 c5 9. cxd5 Nxd5 10. Nxd5 exd5 11. dxc5 Nxc5 12. Rc1 Ne4 13. Bc7 Qd7 14. Ne5 Qf5 15. f3 Bh4+ 16. Ke2 Ng3+ 17. Kd2 Nxh1 18. Bd3 Qf6 19. Qxh1 Bf5 20. g4 Bxd3 21. Kxd3 Rac8 22. Nd7 Qa6+ 23. Kd2 Rfe8 24. f4 Qe6 25. Ne5 f6 26. f5 Qe7 27. Qxd5+ Kh8 28. Nf7+ Kg8 29. Nd6+ Kh8 30. Nf7+ 1/2-1/2

[Event "NOR-ch Class4"]
[Site "Oslo"]
[Date "2015.07.04"]
[Round "6"]
[White "Nilsen, Helmer"]
[Black "Skaslien, Maria"]
[Result "1-0"]
[WhiteElo "1162"]
[BlackElo "1043"]
[PlyCount "105"]
[EventDate "2015.07.04"]
[EventType "swiss"]
[EventRounds "9"]
[EventCountry "NOR"]
[SourceTitle "EXT 2017"]
[Source "ChessBase"]
[SourceDate "2016.10.25"]
[SourceVersion "1"]
[SourceVersionDate "2016.10.25"]
[SourceQuality "1"]

1. f4 d5 2. e3 Nf6 3. Nf3 Bf5 4. Bd3 Bxd3 5. cxd3 e6 6. b3 Bd6 7. Bb2 c5 8. d4 cxd4 9. Nxd4 a6 10. Nc3 0-0 11. 0-0 Nbd7 12. Nf3 Qe7 13. Ne2 Ba3 14. Rb1 Bxb2 15. Rxb2 Rac8 16. Rc2 Rfe8 17. Ne5 Nxe5 18. fxe5 Nd7 19. d4 Qg5 20. Rf3 Qg6 21. Rxc8 Rxc8 22. Ng3 Qc2 23. Qxc2 Rxc2 24. Rf2 Rxf2 25. Kxf2 b5 26. Ne2 b4 27. Nc1 a5 28. Nd3 g6 29. Ke2 h5 30. Kd2 Kf8 31. Kc2 Ke8 32. Kb2 Kd8 33. a3 bxa3+ 34. Kxa3 Kc7 35. Nc5 Nxc5 36. dxc5 Kc6 37. Ka4 Kxc5 38. Kxa5 Kc6 39. b4 Kb7 40. Kb5 g5 41. Kc5 Kc7 42. g3 g4 43. b5 Kb7 44. Kd6 Kb6 45. Ke7 Kxb5 46. Kxf7 Kc4 47. Kxe6 Kd3 48. Kxd5 Kxe3 49. e6 Kf2 50. e7 Kg2 51. e8Q Kxh2 52. Ke4 Kxg3 53. Qxh5 1-0

[Event "NOR-ch Seniors-B"]
[Site "Lillehammer"]
[Date "2013.06.29"]
[Round "1"]
[White "Nilsen, Helmer"]
[Black "Gabrielsen, Oyvind"]
[Result "0-1"]
[WhiteElo "1198"]
[BlackElo "1463"]
[PlyCount "72"]
[EventDate "2013.06.29"]
[EventType "swiss"]
[EventRounds "9"]
[EventCountry "NOR"]
[SourceTitle "EXT 2017"]
[Source "ChessBase"]
[SourceDate "2016.10.25"]
[SourceVersion "1"]
[SourceVersionDate "2016.10.25"]
[SourceQuality "1"]

1. f4 e5 2. fxe5 d6 3. Nf3 Bg4 4. e3 Nd7 5. e6 fxe6 6. Be2 Be7 7. 0-0 e5 8. e4 Ngf6 9. Ng5 Bxe2 10. Qxe2 Nf8 11. Qb5+ c6 12. Qxb7 Qb6+ 13. Qxb6 axb6 14. d3 h6 15. Nf3 Ne6 16. Be3 b5 17. a3 g5 18. b4 Kd7 19. c4 bxc4 20. d4 Nxe4 21. dxe5 d5 22. Nd4 Bxb4 23. Rf7+ Ke8 24. Rb7 Bc5 25. Nxc6 Bxe3+ 26. Kf1 Rf8+ 27. Ke2 Bc5 28. a4 Rf2+ 29. Kd1 Rxg2 30. a5 Nc3+ 31. Kc1 Be3+ 32. Nd2 Bxd2+ 33. Kc2 Be1+ 34. Kc1 Nc5 35. Re7+ Kf8 36. e6 Nb3# 0-1

[Event "NOR-ch Seniors-B"]
[Site "Lillehammer"]
[Date "2013.06.29"]
[Round "4"]
[White "Nilsen, Helmer"]
[Black "Nordmark, Oddvar"]
[Result "0-1"]
[WhiteElo "1198"]
[BlackElo "1258"]
[PlyCount "60"]
[EventDate "2013.06.29"]
[EventType "swiss"]
[EventRounds "9"]
[EventCountry "NOR"]
[SourceTitle "EXT 2017"]
[Source "ChessBase"]
[SourceDate "2016.10.25"]
[SourceVersion "1"]
[SourceVersionDate "2016.10.25"]
[SourceQuality "1"]

1. f4 d5 2. Nf3 Nf6 3. e3 e6 4. Bd3 Be7 5. Nc3 0-0 6. b3 a6 7. Bb2 b5 8. Ne5 Bb7 9. Ne2 c5 10. c3 Nbd7 11. Ng3 g6 12. Qc2 Nxe5 13. fxe5 Nd7 14. c4 dxc4 15. bxc4 b4 16. Be4 Qc7 17. d4 Bxe4 18. Qxe4 cxd4 19. 0-0 dxe3 20. Qf4 Bc5 21. Rf3 Rad8 22. Ne4 e2+ 23. Kh1 Nb6 24. Nf6+ Kh8 25. h3 Rd1+ 26. Rxd1 exd1Q+ 27. Rf1 g5 28. Qxg5 Qxf1+ 29. Kh2 Qg1+ 30. Kg3 Qe3+ 0-1

[Event "NOR-chT Clubs"]
[Site "Drammen"]
[Date "2010.10.09"]
[Round "2.33"]
[White "Persson, Mats"]
[Black "Nilsen, Helmer"]
[Result "1-0"]
[WhiteElo "2184"]
[BlackElo "1152"]
[PlyCount "57"]
[EventDate "2010.10.08"]
[EventType "team"]
[EventRounds "6"]
[EventCountry "NOR"]
[SourceTitle "EXT 2015"]
[Source "ChessBase"]
[SourceDate "2014.11.20"]
[SourceVersion "1"]
[SourceVersionDate "2014.11.20"]
[SourceQuality "1"]
[WhiteTeam "OSS II"]
[BlackTeam "Konnerud"]
[WhiteTeamCountry "NOR"]
[BlackTeamCountry "NOR"]

1. e4 c5 2. Nf3 Nc6 3. d4 cxd4 4. Nxd4 g6 5. Nc3 Bg7 6. Be3 a6 7. Bc4 e6 8. Qd2 Nge7 9. 0-0 Nxd4 10. Bxd4 Bxd4 11. Qxd4 0-0 12. a4 Nc6 13. Qe3 Qc7 14. Rad1 Ne5 15. Be2 Nc4 16. Qd4 Ne5 17. f4 Nc6 18. Qe3 d6 19. f5 exf5 20. exf5 Bxf5 21. Rxf5 gxf5 22. Qg5+ Kh8 23. Qf6+ Kg8 24. Rd3 Ne5 25. Nd5 Qc5+ 26. Kf1 Rae8 27. Qg5+ Ng6 28. Nf6+ Kg7 29. Rh3 1-0